000 00582cam a2200217Ia 4500
020 _a0804819068 :
040 _cFSP
082 _a332 CHA 1993 A014 Or.
100 1 _aWood, Christopher,
245 1 4 _aThe bubble economy :
_bthe Japanese economic collapse /
250 _a1st Tuttle ed
260 _aTokyo, Japan ;
_aRutland, Vt. :
_bCharles E. Tuttle,
_c1993
300 _a210 p. ;
_c19 cm
490 0 _aTut books
650 0 _aStocks
650 0 _aSpeculation
650 0 _aStock exchanges
650 0 _aFinancial crises
650 0 _aInternational finance
942 _cEK
999 _c13168
_d13168